|
|
|
|
| LEADER |
00000nam a2200000 a 4500 |
| 001 |
vtls009292047 |
| 003 |
SK-MaSNL |
| 005 |
20260301081620.0 |
| 008 |
080505s2007 xxuba g 101 0 eng |
| 020 |
|
|
|a 9780300115932 (brož.)
|
| 040 |
|
|
|a SNK
|b slo
|c SNK
|e AACR2
|
| 041 |
0 |
|
|a eng
|
| 043 |
|
|
|a n-us---
|a e------
|
| 044 |
|
|
|a xxu
|c xxk
|c US
|c GB
|
| 072 |
|
7 |
|a 94(73)
|x Dejiny Spojených štátov amerických
|2 konspekt
|
| 080 |
|
|
|a 342.726-055.2
|2 2001
|
| 080 |
|
|
|a (4)
|2 2001
|
| 080 |
|
|
|a (73)
|2 2001
|
| 080 |
|
|
|a (082)
|2 2001
|
| 245 |
0 |
0 |
|a Women's rights and transatlantic antislavery in the era of emancipation
|c edited by Kathryn Kish Sklar and James Brewer Stewart
|
| 260 |
|
|
|a New Haven
|b Yale University Press
|c c2007
|
| 300 |
|
|
|a xxiv, 385 s.
|b ilustr., mp.
|c 24 cm
|
| 500 |
|
|
|a "Based on lectures from a conference in Oct. 2002 at the Gilder Lehrman Center for the Study of Slavery, Resistance, and Abolition at Yale University"--Rub. tit. s.
|
| 504 |
|
|
|a Obsahuje bibliogr. a reg.
|
| 648 |
|
7 |
|a 19. stor.
|2 SNKPH
|9 278793
|
| 650 |
0 |
7 |
|a práva žien
|2 SNKPH
|9 797
|
| 651 |
|
7 |
|a Európa
|2 SNKPH
|9 167569
|
| 651 |
|
7 |
|a Spojené štáty americké
|2 SNKPH
|9 18262
|
| 655 |
|
7 |
|a zborníky
|2 SNKPH
|9 70165
|
| 700 |
1 |
|
|a Sklar, Kathryn Kish
|4 edt
|9 405180
|
| 700 |
1 |
|
|a Stewart, James Brewer
|4 edt
|9 405181
|
| 919 |
|
|
|a 978-0-300-11593-2
|
| 999 |
|
|
|c 656365
|d 658295
|
| 952 |
|
|
|a SNK
|b SNK
|y VYP
|7 0
|p 17A0598794
|o snkIC 136934
|i snk2008/17625
|8 2
|g 24.56
|0 0
|1 0
|4 0
|d 2008-05-05
|l 0
|r 2026-02-23 18:37:29
|w 2026-02-23
|